02588cam a22003378i 450000100090000000300090000900500170001800800410003502000180007604000330009408200220012710000300014924501370017926400480031630000270036433600260039133700280041733800270044550400510047252011890052365000260171265000360173865300250177465500170179970000370181677601660185390600450201994200120206499900170207695201570209322919505EG-ScBUE20240208125937.0230105s2024 nyu f b 001 0 eng d a9781032410890 aDLCbengerdacDLCdEG-ScBUE04a307.1216222bRAT1 aRatcliffe, John,eauthor.10aUrban planning and real estate transformations for the future :ba built environment bricolage /cJohn Ratcliffe and Michael Stubbs. 1aNew York, NY ;aLondon :bRoutledge,c2024. aix, 277 pages ;c27 cm atextbtxt2rdacontent aunmediatedbn2rdamedia avolumebnc2rdacarrier aIncludes bibliographical references and index. a"This book presents fresh ways of thinking about the future for all those involved in conceiving, planning, designing, funding, constructing, occupying and managing the built environment, to face the challenges, and grasp the opportunities, that lie ahead over the next few decades. Four major themes form the basis of the volume: 1. Future Awareness and a New Sense of Place. 2. Global Governance and Anticipatory Leadership. 3. Innovation, Reform and Exemplars. 4. Urban Planning and Real Estate Transformations. Within these structural themes are a diverse range of "Discourses" addressing many of the big questions and driving forces that face us, together with a proposed methodology (strategic foresight) and an array of practical illustrations viewing what can be done today - whether by organisations, individuals, cities or communities - to positively shape a preferred future and manipulate us towards achieving it. It will be important reading for students, practitioners, agencies and corporations across the built environment, especially in the fields of urban planning, real estate development, architecture, civil engineering and construction"--cProvided by publisher. 7aCity planning.2BUEsh 7aReal estate development.2BUEsh cFebruary2024bENGARC vReading book1 aStubbs, Michael,d1962-eauthor.08iOnline version:aRatcliffe, John.tUrban planning and real estate transformations for the futuredNew York, NY : Routledge, 2023z9781003356202w(DLC) 2022061772 a7bcbccorignewd1eecipf20gy-gencatlg 2ddccBB c30647d30618 00102ddc40708BaccahaMAINbMAINc1STd2024-02-08ePurchaseg2755.00h38030l0o307.1216 RATp000056993r2025-07-15 00:00:00v3444.00w2024-02-08yBB